Library Banner

Peradaban dalam Islam/ (Record no. 96034)

MARC details
000 -LEADER
fixed length control field 00397nam a22001457a 4500
005 - DATE AND TIME OF LATEST TRANSACTION
control field 20170731162258.0
008 - FIXED-LENGTH DATA ELEMENTS--GENERAL INFORMATION
fixed length control field 170731b xxu||||| |||| 00| 0 eng d
040 ## - CATALOGING SOURCE
Transcribing agency PK-LaUMT
082 ## - DEWEY DECIMAL CLASSIFICATION NUMBER
Classification number ZIAC 297
Item number UTH-P
100 ## - MAIN ENTRY--PERSONAL NAME
Personal name Uthman El-Muhammady , Muhammad
245 ## - TITLE STATEMENT
Title Peradaban dalam Islam/
Statement of responsibility, etc Muhammad Uthman El-Muhammady
260 ## - PUBLICATION, DISTRIBUTION, ETC. (IMPRINT)
Place of publication, distribution, etc Kualam Pur:
Name of publisher, distributor, etc Pustaka ,
Date of publication, distribution, etc [ ]
300 ## - PHYSICAL DESCRIPTION
Extent 420 p.
942 ## - ADDED ENTRY ELEMENTS (KOHA)
Koha item type Books
Holdings
Withdrawn status Lost status Damaged status Home library Current library Date acquired Full call number Barcode Date last seen Price effective from Koha item type
      UMT Main Campus UMT Main Campus 2017-07-31 ZIAC 297 UTH-P 111685 2017-07-31 2017-07-31 Books